000 00826nam a2200217Ia 4500
999 _c40218
_d40218
001 6825
003 GE_BSU
005 20200122151339.0
008 181216s1959||||ge |||||||||||||| ||geo||
040 _cGE_BSU
041 _ageo
080 _a821.353.1-311 გ-62
100 _aგოთუა, ლევან.
_92050
245 _aგმირთა ვარამი წ. 3 :
_bრომანი ოთხ წიგნად /
_cლევან გოთუა ; რედ. ს. ჩიქოვანი.
264 _aთბილისი :
_bსაბჭ.მწერალი,
_c1959.
300 _a558 გვ. ;
_c22 სმ.
653 _aგმირთა ვარამი
653 _aრომანი
700 _aჩიქოვანი, ს.
_eრედაქტორი
_93719
942 _cBK
_2udc